Chansons françaises des années 1980 par paroles A-Z - Statistiques

Statistiques générales
  • Ce quiz a été pris 185 fois
  • Le résultat moyen est 14 sur 25
Statistiques - réponses
Paroles Chansons % Correct
A Égaré dans la vallée infernale
Le héros s'appelle Bob Morane
À la recherche de l'ombre jaune
Le bandit s'appelle Mister Kali Jones
Avec l'ami Bill Ballantine
Sauvé de justesse des crocodiles
Stop au trafic des Caraïbes
Escale dans l'opération Nadawieb
L'{aventurier}
97%
O Sur une étoile ou sur un oreiller
Au fond d'un train ou dans un vieux grenier
Je veux découvrir ton visage
Où l'amour est né ________ Dans un avion sur le pont d'un bateau On va s'aimer à se brûler la peau À s'envoler toujours toujours plus haut Où l'amour est beau
On va s'aimer
88%
D J'veux un disque De funky music Faut que ça danse J'aime cette fille Sur talons aiguilles Qui se déhanche Ça met un peu de chaleur Au fond de mon cœur Les {démons de minuit}
87%
M Ah m’asseoir sur un banc cinq minutes avec toi Regarder le soleil qui s’en va Te parler du bon temps qu’est mort et je m’en fous Te dire que les méchants c’est pas nous Que si moi je suis barge ce n’est que de tes yeux Car ils ont l’avantage d’être deux Et entendre ton rire S’envoler aussi haut que s’envolent les cris des oiseaux Mistral gagnant
83%
G Elle fout toute sa vie en l'air Et toute sa vie c'est pas grand-chose Qu'est-ce qu'elle aurait bien pu faire À part rêver seule dans son lit Le soir entre ses draps roses La {groupie du pianiste}
80%
E Un peu larguée Un peu seule sur la Terre Les mains tendues Les cheveux en arrière Et j'aime ça À faire l'amour Sur des malentendus On vit toujours Des moments défendus C'est comme ça Elle a les yeux revolver
77%
L On y vit encore au temps des Gaëls et de Cromwell Au rythme des pluies et du soleil au pas des chevaux On y croit encore aux monstres des lacs qu'on voit nager Certains soirs d'été et replonger pour l'éternité On y voit encore des hommes d'ailleurs venus chercher Le repos de l'âme et pour le cœur un goût de meilleur On y croit encore que le jour viendra il est tout près Où les Irlandais feront la paix autour de la croix Les {lacs du Connemara}
74%
F Au fond de son lit un macho s'endort Qui ne l'aimera pas plus loin que l'aurore Mais elle s'en fout elle s'éclate quand même Et lui ronronne des tonnes de je t'aime Femme libérée
67%
T Et je cours Je me raccroche à la vie Je me saoule avec le bruit Des corps qui m'entourent Comme des lianes nouées de tresses Sans comprendre la détresse Des mots que j'envoie Tous les cris les S.O.S.
67%
J Y marche pas au soda Son saxo jaune connaît toutes les rues par cœur Tous les p'tits bars, tous les coins noirs Et la Seine et ses ponts qui brillent Joe le taxi
62%
P Le jour est v'nu et moi aussi Mais j'veux pas être le premier Si on n'avait plus rien à s'dire et si et si J'fais des détours dans l'quartier C'est fou c'qu'un crépuscule de printemps Rappelle le même crépuscule d'y a dix ans Trottoirs usés par les regards baissés Qu'est-ce que j'ai fait d'ces années Place des Grands Hommes
62%
B Regarde le jour se lève Dans la tendresse sur la ville Tu me fais vivre Comme dans un rêve Tout ce que j'aime Besoin de rien, envie de toi
57%
H Seul sur le sable les yeux dans l'eau Mon rêve était trop beau L'été qui s'achève tu partiras à cent mille lieues de moi Comment oublier ton sourire et tellement de souvenirs Nos jeux dans les vagues près du quai je n'ai vu le temps passer L'amour sur la plage désertée nos corps brûlés enlacés Comment t'aimer si tu t'en vas dans ton pays loin là-bas Hélène
56%
N Un jour j'irai là-bas Un jour chat, un autre rat Voir si le cœur de la ville bat en toi Et tu m'emmèneras Emmène-moi New York avec toi
56%
Q J'ai plus d'amour, j'ai pas le temps J'ai plus d'humour, j'sais plus d'où vient le vent J'ai plus qu'un clou, une étincelle Des trucs en plomb qui me brisent les ailes Un peu de swing, un peu du King Pas mal de feeling et de décibels C'est pas l'usine, c'est pas la mine Mais ça suffit pour se faire la belle Quand la musique est bonne
56%
S Oui je suis Belzébuth (horreur) Je suis un bouc je suis en rut (horreur malheur) Oui oui oui je vis dans l'ordure (horreur) Je pue la sueur et la luxure Je fume je bois j'ai tous les vices Et j'ai du poil partout sur les cuisses La {salsa du démon}
52%
V Sur le Gange ou l'Amazone Chez les blacks chez les sikhs chez les jaunes ________ Dans tout le royaume Sur les dunes du Sahara Des îles Fidji au Fuji-Yama ________ Ne t'arrête pas Voyage voyage
52%
R Tant de liberté Pour si peu de bonheur Est-ce que ça vaut la peine Si on veut t'amener À renier tes erreurs C'est pas pour ça qu'on t'aime Si tu réalises que l'amour n'est pas là Que le soir tu te couches Sans aucun rêve en toi Résiste
43%
C Elle marchait comme un chat
Qui méprise sa proie
En frôlant le flipper na na na na na
La chanson qui couvrait
Tous les mots qu'elle mimait
Semblait briser son cœur na na na na
Couleur menthe à l'eau
40%
U Elle dit j'imagine des musiques qui se dansent Pour toi Elle dit j'imagine des mots dans le silence Pour toi Des jours et des nuits où la vie recommence Comme ça Encore une fois Une autre histoire
39%
W Afin de coincer la bulle dans ta bulle D'poser mon cœur bancal dans ton bocal Ton aquarium Une escapade à deux La pluie m'assomme L'gris m'empoisonne Week-end à Rome
18%
I ________ tout hésitants
Découvrant l'amour et découvrant le temps
Y a quelqu'un qui se moque
J'entends quelqu'un qui se moque
Se moque de moi
Se moque de qui
Ils s'aiment
16%
K Moi, j'n'aurais pas imaginé
Que je te reverrais
Tant d'années ont passé
Je vois que tu n'as pas changé Mwen mwen pa té ka siposé Mwen té ké ripalé baw Mwen té minm oublié Sa mwen te ka riprochéw An sel kout zié fe mwen kraké
Kolé séré
13%
Y Je sais qu'un jour Tu viendras vers moi ________ ______ ont des sentiments J'voudrais qu'il m'embrasse sur les lèvres Pas comme une enfant Y a pas que les grands qui rêvent
8%
Z On m’appelle ___
Oui c’est moi _____
J’suis pas tant crédible
Car on me trouve louche
Ceux qui lisent la Bible
En ouvrant la bouche
Sont de jolies cibles Des gobeurs de mouche
Zobi la mouche
2%
Aucun quiz correspondant
Distribution des résultats
% des personnes avec chaque résultat
Percentile par nombre de réponses
Votre historique - résultats
Vous n’avez pas pris ce quiz